Deutsche Fußball-Nationalspieler 2009 - Statistiken

Allgemein
  • Dieses Quiz wurde 80 mal gespielt
  • Das Durchschnittsergebnis liegt bei 17 aus 34
Antwortstatistiken
Hint Antwort % Korrekt
Tor Manuel Neuer
100%
Abwehr Philipp Lahm
95%
Mittelfeld Bastian Schweinsteiger
92%
Angriff Miroslav Klose
91%
Angriff Lukas Podolski
89%
Angriff Mario Gomez
79%
Mittelfeld Mesut Özil
77%
Abwehr Per Mertesacker
76%
Mittelfeld Michael Ballack
74%
Tor René Adler
74%
Abwehr Jérôme Boateng
70%
Mittelfeld Sami Khedira
67%
Tor Robert Enke
61%
Tor Tim Wiese
58%
Mittelfeld Torsten Frings
56%
Angriff Cacau
53%
Abwehr Arne Friedrich
52%
Angriff Stefan Kießling
41%
Abwehr Marcell Jansen
38%
Abwehr Heiko Westermann
33%
Mittelfeld Marko Marin
33%
Abwehr Serdar Taşçı
27%
Mittelfeld Piotr Trochowski
27%
Mittelfeld Thomas Hitzlsperger
26%
Mittelfeld Simon Rolfes
24%
Angriff Patrick Helmes
23%
Mittelfeld Christian Gentner
21%
Abwehr Marcel Schäfer
18%
Abwehr Christian Träsch
17%
Abwehr Robert Huth
17%
Abwehr Andreas Beck
15%
Mittelfeld Aaron Hunt
11%
Abwehr Andreas Hinkel
11%
Mittelfeld Tobias Weis
9%
Keine übereinstimmenden Quizze gefunden
Verteilung der Resultate
Anzahl Personen mit jedem Resultat
Perzentil nach korrekt beantworteten Fragen
Ihre Resultats-Entwicklung
Sie haben dieses Quiz noch nicht gespielt